Statistics for Green Day - Saviors Songs

Click here to take the quiz!

General Stats

  • This quiz has been taken 23 times
  • The average score is 13 of 16

Answer Stats

ListensSong% Correct
6,077,899Bobby Sox
100%
8,759,187One Eyed Bastard
100%
13,240,770The American Dream Is Killing Me
100%
11,495,478Dilemma
93%
8,828,526Look Ma, No Brains
93%
1,984,372Father To A Son
86%
2,017,080Saviors
86%
3,435,4691981
79%
3,106,901Goodnight Adeline
79%
2,520,991Living In The '20s
79%
2,817,627Suzie Chapstick
79%
1,960,633Fancy Sauce
71%
2,472,461Strange Days Are Here To Stay
71%
2,463,357Coma City
64%
2,571,339Corvette Summer
64%
Not on SpotifyFever
50%

Score Distribution

Percentile by Number Answered

Percent of People with Each Score

Your Score History

You have not taken this quiz